Disminuye la asimetría en las tasas de interés (Registro nro. 35076)

Detalles MARC
000 -LEADER
fixed length control field 00319 a2200109 4500
001 - CONTROL NUMBER
control field ART_50436
005 - DATE AND TIME OF LATEST TRANSACTION
control field 20260410162043.0
008 - FIXED-LENGTH DATA ELEMENTS--GENERAL INFORMATION
fixed length control field 260409a
100 1# - MAIN ENTRY--PERSONAL NAME
Personal name Coronello, Silvina E.
245 10 - TITLE STATEMENT
Title Disminuye la asimetría en las tasas de interés
773 0# - HOST ITEM ENTRY
Title Impuestos
Related parts - N°64 (nov. 2019)
Record control number REV45175

No hay ítems disponibles.